000 00391pab a2200169 454500
008 180718b2008 xxu||||| |||| 00| 0 eng d
100 _aSharma, Gopala
245 _aGlobalization and global culture
260 _c2008
300 _ap.301-30.
362 _aJul-Sep
650 _aCulture
650 _aGlobalization
773 _aEastern Anthropologist
908 _aN
909 _a81389
999 _c81389
_d81389